Franchising chytá nový dych
Franchising ako jedna z alternatívnych metód podnikania znižujúca riziko neúspechu. História franchisingu od stredoveku až po jeho najznámejšieho používateľa - značku McDonald's. Oficiálna definícia franchisingu. Úloha franchisora (postkytovateľa franchisingu) a franchisistu (prijímateľa). Výhody fr...
Gespeichert in:
| 1. Verfasser: | |
|---|---|
| Weitere Verfasser: | |
| Format: | Buchkapitel |
| Sprache: | Slowakisch |
| Schlagworte: | |
| Tags: |
Keine Tags, Fügen Sie das erste Tag hinzu!
|
MARC
| LEADER | 00000naa a2200000 4500 | ||
|---|---|---|---|
| 001 | r034363 | ||
| 005 | 20230929112747.2 | ||
| 041 | 0 | |a slo | |
| 044 | |a SK | ||
| 245 | 1 | 0 | |a Franchising chytá nový dych |c Antónia Štensová, Andrea Borguľová |
| 520 | |a Franchising ako jedna z alternatívnych metód podnikania znižujúca riziko neúspechu. História franchisingu od stredoveku až po jeho najznámejšieho používateľa - značku McDonald's. Oficiálna definícia franchisingu. Úloha franchisora (postkytovateľa franchisingu) a franchisistu (prijímateľa). Výhody franchisingu pre jeho poskytovateľa a prijímateľa. Prienik franchisingu na Slovensko. | ||
| 610 | 2 | 0 | |a franchising |
| 610 | 2 | 0 | |a partneri obchodní |
| 610 | 2 | 0 | |a technika obchodná |
| 610 | 2 | 0 | |a podnikanie |
| 610 | 2 | 0 | |a riziko podnikateľské |
| 610 | 2 | 0 | |a Slovensko |
| 100 | 1 | |a Štensová, Antónia | |
| 700 | 1 | |a Borguľová, Andrea | |